000
00211 a2200097 4500
001
22581
100
_a
Forster, M B
245
_a
Master of Political Thought
260
_a
_b
Harrap
_c
1961
090
_c
15239
_d
15239
942
_a
NUST-CAE
_c
M
_c
5824
999
_c
257654
_d
257654